000 00270nam a22001217a 4500
008 180302b xxu||||| |||| 00| 0 eng d
041 _aeng
080 _a621
100 _a27
101 _aENG
245 _aTRANSIENTS IN POWER SYSTEMS
_cHAROLD.A.P
942 _2udc
_cBK
999 _c44040
_d44040